[Event "Gelsenkirchen Silvester op 6th"]
[Site "Gelsenkirchen"]
[Date "2018.12.28"]
[Round "4"]
[White "Lazarev, Vadim"]
[Black "Schocke, Mark"]
[Result "1/2-1/2"]
[WhiteElo "1755"]
[BlackElo "1864"]
[PlyCount "97"]
[EventDate "2018.12.27"]
[EventType "swiss"]
[EventRounds "7"]
[EventCountry "GER"]
[SourceTitle "CBM 188 Extra"]
[Source "ChessBase"]
[SourceDate "2019.02.26"]
[SourceVersion "1"]
[SourceVersionDate "2019.02.26"]
[SourceQuality "1"]

1. c4 e5 2. Nc3 Nf6 3. Nf3 Nc6 4. g3 d5 5. cxd5 Nxd5 6. Bg2 Nb6 7. 0-0 Be6 8. d3 Be7 9. a3 0-0 10. b4 a6 11. Bb2 Rb8 12. Rc1 Qd7 13. Ne4 f6 14. h4 a5 15. b5 Nd4 16. Nxd4 exd4 17. Nc5 Bxc5 18. Rxc5 Qd6 19. Rc1 a4 20. Qc2 Rfc8 21. Qc5 Qxc5 22. Rxc5 Nd7 23. Rc2 Bb3 24. Rcc1 c5 25. bxc6 bxc6 26. Rxc6 Rxc6 27. Bxc6 Ne5 28. Be4 Bd1 29. Bxd4 Bxe2 30. Re1 Nf3+ 31. Bxf3 Bxf3 32. Bc5 Kf7 33. Bb4 Rc8 34. d4 Bd5 35. Bc5 Rb8 36. Bb4 Rc8 37. Kf1 Bc4+ 38. Kg2 Bd5+ 39. Kh3 Be6+ 40. Kh2 Rc2 41. Kg1 Rc8 42. f3 Bd5 43. Kf2 Rc2+ 44. Ke3 Rg2 45. Bd6 Ke6 46. Bc5 Kf7 47. g4 h5 48. Re2 Rg3 49. Kd2 1/2-1/2

[Event "Ruhrgebiet Verbandsklasse Gruppe 2 1819"]
[Site "Nordrheinwestfalen"]
[Date "2018.09.23"]
[Round "1.7"]
[White "Lazarev, Vadim"]
[Black "Ziemann, David"]
[Result "1-0"]
[WhiteElo "1759"]
[BlackElo "1625"]
[PlyCount "89"]
[EventDate "2018.09.23"]
[EventType "team-tourn"]
[EventRounds "9"]
[EventCountry "GER"]
[SourceTitle "EXT 2022"]
[Source "ChessBase"]
[SourceDate "2021.10.06"]
[SourceVersion "1"]
[SourceVersionDate "2021.10.06"]
[SourceQuality "1"]
[WhiteTeam "Buer Hassel"]
[BlackTeam "Bochum SG IV"]
[WhiteTeamCountry "GER"]
[BlackTeamCountry "GER"]

1. e4 c5 2. Nc3 g6 3. g3 Bg7 4. Bg2 Nc6 5. Nge2 e5 6. Nd5 Nge7 7. Nec3 d6 8. 0-0 0-0 9. f4 f5 10. d3 Rb8 11. a4 Nxd5 12. Nxd5 Ne7 13. Ne3 b6 14. Nc4 Bb7 15. c3 Qc7 16. Qb3 Kh8 17. Be3 Bc6 18. Rf2 Bd7 19. Qc2 b5 20. axb5 Bxb5 21. Nd2 Rfd8 22. Nf3 Rf8 23. fxe5 dxe5 24. b4 cxb4 25. Rxa7 Qd6 26. c4 Be8 27. c5 Qe6 28. Ng5 Qf6 29. Qc4 Bf7 30. Nxf7+ Qxf7 31. Qxf7 Rxf7 32. Bg5 b3 33. Rb2 Bf8 34. exf5 gxf5 35. Bd5 Nxd5 36. Rxf7 Bg7 37. Bd2 e4 38. Rb1 b2 39. dxe4 fxe4 40. Rd7 Nf6 41. Re7 Bf8 42. Re5 e3 43. Bxe3 Ng4 44. Bd4 Nxe5 45. Bxe5+ 1-0

[Event "Gelsenkirchen Silvester op 5th"]
[Site "Gelsenkirchen"]
[Date "2017.12.28"]
[Round "3"]
[White "Natsidis, Christoph"]
[Black "Lazarev, Vadim"]
[Result "1-0"]
[WhiteElo "2345"]
[BlackElo "1753"]
[PlyCount "57"]
[EventDate "2017.12.27"]
[EventType "swiss"]
[EventRounds "5"]
[EventCountry "GER"]
[SourceTitle "CBM 182 Extra"]
[Source "ChessBase"]
[SourceDate "2018.02.23"]
[SourceVersion "1"]
[SourceVersionDate "2018.02.23"]
[SourceQuality "1"]

1. d4 Nf6 2. c4 c6 3. Nc3 d5 4. e3 g6 5. Nf3 Bg4 6. Be2 Bxf3 7. Bxf3 e6 8. 0-0 dxc4 9. Qe2 b5 10. Nxb5 Nd5 11. Na3 Bxa3 12. bxa3 Nb6 13. a4 a5 14. Ba3 Qc8 15. Rab1 N8d7 16. e4 Qa6 17. d5 c5 18. dxe6 fxe6 19. Bg4 Nxa4 20. Qc2 Qc6 21. Qxc4 Ne5 22. Qxe6+ Qxe6 23. Bxe6 Nd7 24. Rb7 0-0-0 25. Ra7 Nab6 26. Rb1 Rhe8 27. Rxb6 Rxe6 28. Rxe6 Kb8 29. Rxa5 1-0

[Event "Gelsenkirchen Silvester op 5th"]
[Site "Gelsenkirchen"]
[Date "2017.12.27"]
[Round "1"]
[White "Lehmkau, Steffen"]
[Black "Lazarev, Vadim"]
[Result "1/2-1/2"]
[WhiteElo "1526"]
[BlackElo "1753"]
[PlyCount "39"]
[EventDate "2017.12.27"]
[EventType "swiss"]
[EventRounds "5"]
[EventCountry "GER"]
[SourceTitle "CBM 182 Extra"]
[Source "ChessBase"]
[SourceDate "2018.02.23"]
[SourceVersion "1"]
[SourceVersionDate "2018.02.23"]
[SourceQuality "1"]

1. d4 d5 2. c4 Nf6 3. cxd5 Qxd5 4. Nc3 Qa5 5. Nf3 Bg4 6. Ne5 Be6 7. e3 Nbd7 8. Nxd7 Bxd7 9. Bd3 Qg5 10. 0-0 e5 11. f4 exf4 12. exf4 Qh4 13. Qe2+ Be6 14. d5 Bc5+ 15. Kh1 Qg4 16. dxe6 0-0-0 17. Rf3 fxe6 18. Rg3 Qh4 19. Qxe6+ Kb8 20. Qh3 1/2-1/2

[Event "Ruhrgebiet Verbandsklasse Gruppe 3 1718"]
[Site "Germany"]
[Date "2017.09.17"]
[Round "1.6"]
[White "Vengels, Joachim"]
[Black "Lazarev, Vadim"]
[Result "1-0"]
[WhiteElo "1967"]
[BlackElo "1753"]
[PlyCount "87"]
[EventDate "2017.09.17"]
[EventType "team-tourn"]
[EventRounds "9"]
[EventCountry "GER"]
[SourceTitle "EXT 2022"]
[Source "ChessBase"]
[SourceDate "2021.10.06"]
[SourceVersion "1"]
[SourceVersionDate "2021.10.06"]
[SourceQuality "1"]
[WhiteTeam "Hervest Dorsten"]
[BlackTeam "Buer Hassel"]
[WhiteTeamCountry "GER"]
[BlackTeamCountry "GER"]

1. e4 e5 2. d4 exd4 3. Nf3 Nc6 4. Bc4 Bb4+ 5. c3 dxc3 6. Nxc3 Nge7 7. Ng5 Ne5 8. Bb3 0-0 9. f4 N5g6 10. Qh5 h6 11. Nxf7 Rxf7 12. Bxf7+ Kxf7 13. f5 Nxf5 14. Qxf5+ Qf6 15. Qd5+ Ke7 16. Bd2 c6 17. Qc4 Bd6 18. 0-0-0 b5 19. Qb3 Qe6 20. Qxe6+ dxe6 21. Ne2 e5 22. h3 Be6 23. Kb1 Rf8 24. Rhf1 Rxf1 25. Rxf1 Bc4 26. Re1 Bd3+ 27. Kc1 Bxe4 28. Nf4 Bf5 29. g4 Nxf4 30. Bxf4 Be6 31. Bxe5 Bxe5 32. Rxe5 Kf6 33. Re3 Bxa2 34. b3 a5 35. Kb2 Bxb3 36. Kxb3 c5 37. h4 g6 38. Re8 h5 39. gxh5 gxh5 40. Rb8 a4+ 41. Ka3 Kf5 42. Rc8 c4 43. Rc5+ Kf4 44. Rxh5 1-0

[Event "Ruhrgebiet VL2 0708"]
[Site "Germany"]
[Date "2007.12.09"]
[Round "4.7"]
[White "Lazarev, Vadim"]
[Black "Tochtrop, Lothar"]
[Result "0-1"]
[WhiteElo "1829"]
[BlackElo "2060"]
[PlyCount "54"]
[EventDate "2007.09.02"]
[EventType "team"]
[EventRounds "9"]
[EventCountry "GER"]
[SourceTitle "EXT 2009"]
[Source "ChessBase"]
[SourceDate "2008.11.26"]
[SourceVersion "1"]
[SourceVersionDate "2008.11.26"]
[SourceQuality "1"]
[WhiteTeam "Buer"]
[BlackTeam "Bottrop"]
[WhiteTeamCountry "GER"]
[BlackTeamCountry "GER"]

1. c4 e5 2. Nc3 Nc6 3. e3 f5 4. d4 exd4 5. exd4 Nf6 6. Nf3 Bb4 7. d5 Ne7 8. Bd2 0-0 9. a3 Bxc3 10. Bxc3 Ne4 11. Rc1 Nxc3 12. Rxc3 d6 13. Qb3 Ng6 14. Be2 Nf4 15. g3 Nxe2 16. Kxe2 f4 17. Kd2 Qf6 18. Re1 Bg4 19. Re4 Qh6 20. Ke2 Rae8 21. Qc2 Bf5 22. Nd2 Bxe4 23. Nxe4 Qxh2 24. Kd3 fxg3 25. fxg3 Rf3+ 26. Kd4 Qg1+ 27. Nf2 Rxf2 0-1

[Event "Ruhrgebiet VL2 0708"]
[Site "Germany"]
[Date "2007.11.18"]
[Round "3.7"]
[White "Schaller, Torsten"]
[Black "Lazarev, Vadim"]
[Result "1-0"]
[WhiteElo "1915"]
[BlackElo "1829"]
[PlyCount "83"]
[EventDate "2007.09.02"]
[EventType "team"]
[EventRounds "9"]
[EventCountry "GER"]
[SourceTitle "EXT 2009"]
[Source "ChessBase"]
[SourceDate "2008.11.26"]
[SourceVersion "1"]
[SourceVersionDate "2008.11.26"]
[SourceQuality "1"]
[WhiteTeam "Welper SV"]
[BlackTeam "Buer"]
[WhiteTeamCountry "GER"]
[BlackTeamCountry "GER"]

1. e4 Nf6 2. e5 Nd5 3. d4 d6 4. c4 Nb6 5. exd6 cxd6 6. Nc3 g6 7. Be3 Bg7 8. Rc1 0-0 9. b3 Nc6 10. d5 Ne5 11. Be2 f5 12. f4 Ng4 13. Bxg4 fxg4 14. Nge2 Nd7 15. Nd4 Bxd4 16. Qxd4 e5 17. dxe6 Nc5 18. 0-0 Nxe6 19. Qd5 Rf5 20. Qd2 Rh5 21. g3 Ng7 22. Rcd1 Nf5 23. Qd5+ Kg7 24. Rfe1 Kh6 25. Qf7 Bd7 26. Nd5 Qf8 27. Qxd7 Rd8 28. Qxb7 Re8 29. Bf2 Rb8 30. Qd7 Rd8 31. Qe6 Qg7 32. Nf6 Rh3 33. Nxg4+ Kh5 34. Nf6+ Kh6 35. g4 Qb7 36. gxf5 Qf3 37. Qe3 gxf5 38. Qxf3 Rxf3 39. Kg2 Rc3 40. Re2 a5 41. Nd5 Rg8+ 42. Bg3 1-0